Подробности
| 000 -МАРКЕР |
| контрольное поле |
02200nam0a2200433 4500 |
| 001 - ИДЕНТИФИКАТОР ЗАПИСИ |
| контрольное поле |
RU\NLR\bibl\1836048 |
| 005 - ИДЕНТИФИКАТОР ВЕРСИИ |
| контрольное поле |
20260406142014.0 |
| 010 ## - МЕЖДУНАРОДНЫЙ СТАНДАРТНЫЙ НОМЕР КНИГИ (ISBN) |
| Номер (ISBN) |
978-5-7380-0392-9 |
| Тираж |
1000 |
| 021 ## - НОМЕР ГОСУДАРСТВЕННОЙ РЕГИСТРАЦИИ |
| Код страны |
Российская Федерация |
| Номер |
2011-3120и |
| Номер Листа государственной регистраци |
421и |
| 035 ## - ДРУГИЕ СИСТЕМНЫЕ НОМЕРА |
| Идентификатор записи |
(NLR Aleph) 001826534 |
| 100 ## - ДАННЫЕ ОБЩЕЙ ОБРАБОТКИ |
| Данные общей обработки |
20111118d2011 |||y0rusy50 ca |
| 101 0# - ЯЗЫК РЕСУРСА |
| Язык текста, звукозаписи и т.д. |
русский |
| -- |
итальянский |
| 102 ## - СТРАНА ПУБЛИКАЦИИ ИЛИ ПРОИЗВОДСТВА |
| Страна публикации |
Российская Федерация |
| 105 ## - ПОЛЕ КОДИРОВАННЫХ ДАННЫХ: ТЕКСТОВЫЕ МАТЕРИАЛЫ, МОНОГРАФИЧЕСКИЕ |
| Кодированные данные о монографическом текстовом документе |
a ||||||||| |
| 200 1# - ЗАГЛАВИЕ И СВЕДЕНИЯ ОБ ОТВЕТСТВЕННОСТИ |
| Основное заглавие |
Вечный город |
| Параллельное заглавие |
Citta eterna |
| Сведения, относящиеся к заглавию |
фотоальбом по повести Н.В. Гоголя "Рим", письмам и воспоминаниям современников |
| Первые сведения об ответственности |
Людмила Волкова |
| Последующие сведения об ответственности |
[вступ. ст.: Рита Джулиани] |
| Язык параллельного заглавия |
английский |
| 210 ## - ПУБЛИКАЦИЯ, РАСПРОСТРАНЕНИЕ И ДР. |
| Место издания, распространения и т.д. |
Москва |
| Имя издателя, распространителя и т. д. |
Центр книги Рудомино |
| Дата издания, распространения и т.д. |
2011 |
| 215 ## - ФИЗИЧЕСКАЯ ХАРАКТЕРИСТИКА |
| Специфическое обозначение материала и объем |
126, [1] с. |
| Другие сведения о физической характеристике |
ил., цв. ил. |
| Размеры |
26 |
| 225 1# - СЕРИЯ |
| Основное заглавие серии |
Декорации классиков |
| 300 ## - ОБЩИЕ ПРИМЕЧАНИЯ |
| Текст примечания |
Авт. также на ит. яз.: Ljudmila Volkova |
| 300 ## - ОБЩИЕ ПРИМЕЧАНИЯ |
| Текст примечания |
В вып. дан. авт.: авт. фот. Л.В. Волкова |
| 300 ## - ОБЩИЕ ПРИМЕЧАНИЯ |
| Текст примечания |
Текст парал. на рус. и ит. яз. |
| 500 10 - УНИФИЦИРОВАННОЕ ЗАГЛАВИЕ |
| Связь между полями |
z01702 |
| Унифицированное заглавие |
Рим |
| 510 1# - ПАРАЛЛЕЛЬНОЕ ЗАГЛАВИЕ |
| Связь между полями |
z17790 |
| Параллельное заглавие |
Citta eterna |
| Язык заглавия |
русский |
| 600 #1 - ИМЯ ЛИЦА КАК ПРЕДМЕТ |
| Начальный элемент ввода |
Гоголь |
| Часть имени, кроме начального элемента ввода |
Н.В. |
| Даты |
1809 - 1852 |
| Расширение инициалов личного имени |
Николай Васильевич |
| Тематический подзаголовок |
Памятные места |
| Географический подзаголовок |
Рим, город (Италия) |
| Системный номер авторитетной/нормативной записи |
2567835 |
| Идентификатор авторитетной/нормативной записи |
RU\NLR\auth\661518622 |
| 607 ## - ГЕОГРАФИЧЕСКОЕ НАИМЕНОВАНИЕ КАК ПРЕДМЕТ |
| Географическое наименование |
Рим, город (Италия) |
| Формальный подзаголовок |
Фотоальбомы |
| Тематический подзаголовок |
в фотографии художественной |
| Системный номер авторитетной/нормативной записи |
2102709 |
| Идентификатор авторитетной/нормативной записи |
RU\NLR\auth\661575152 |
| 686 ## - ИНДЕКСЫ ДРУГИХ КЛАССИФИКАЦИЙ |
| Индекс |
Щ163(0)-3я61 |
| 686 ## - ИНДЕКСЫ ДРУГИХ КЛАССИФИКАЦИЙ |
| Индекс |
Ш5(2=Р)51-4Гоголь28 |
| 700 #1 - ИМЯ ЛИЦА - ПЕРВИЧНАЯ ОТВЕТСТВЕННОСТЬ |
| Код отношения |
Автор |
| Материалы, к которым относится поле |
rus |
| Графика поля |
Кириллица |
| Начальный элемент ввода |
Волкова |
| Часть имени, кроме начального элемента ввода |
Л. В. |
| Дополнения к именам, кроме дат |
фотохудожник, литератор |
| Расширение инициалов личного имени |
Людмила Васильевна |
| Идентификатор авторитетной/нормативной записи |
RU\NLR\auth\7788096 |
| Системный номер авторитетной/нормативной записи |
71024 |
| 702 #1 - ИМЯ ЛИЦА - ВТОРИЧНАЯ ОТВЕТСТВЕННОСТЬ |
| Код отношения |
Автор |
| Материалы, к которым относится поле |
rus |
| Графика поля |
Кириллица |
| Начальный элемент ввода |
Гоголь |
| Часть имени, кроме начального элемента ввода |
Н. В. |
| Даты |
1809-1852 |
| Расширение инициалов личного имени |
Николай Васильевич |
| Идентификатор авторитетной/нормативной записи |
RU\NLR\AUTH\773480 |
| Системный номер авторитетной/нормативной записи |
113476 |
| 790 #1 - ИМЯ ЛИЦА - АЛЬТЕРНАТИВНАЯ ФОРМА |
| Код отношения |
Автор |
| Материалы, к которым относится поле |
rus |
| Графика поля |
Латинская |
| Начальный элемент ввода |
Volkova |
| Часть имени, кроме начального элемента ввода |
L. V. |
| Дополнения к именам, кроме дат |
фотохудожник, литератор |
| Расширение инициалов личного имени |
Ljudmila Vasil'evna |
| Идентификатор авторитетной/нормативной записи |
RU\NLR\auth\7788098 |
| Системный номер авторитетной/нормативной записи |
71026 |
| 801 #0 - ИСТОЧНИК ЗАПИСИ |
| Страна |
Российская Федерация |
| Организация |
NLR |
| Дата составления |
20111118 |
| Правила каталогизации |
RCR |
| 801 #1 - ИСТОЧНИК ЗАПИСИ |
| Страна |
Российская Федерация |
| Организация |
NLR |
| Дата составления |
20111118 |
| 942 ## - ДОПОЛНИТЕЛЬНЫЕ ЭЛЕМЕНТЫ ЗАПИСИ (АБИС) |
| Тип экземпляра АБИС |
Книга |
| 980 ## - КОЛЛЕКЦИЯ |
| Название коллекции |
Национальная библиография |
| 980 ## - КОЛЛЕКЦИЯ |
| Название коллекции |
НБР |